<?xml version="1.0" encoding="UTF-8"?>
<record
    xmlns:xsi="http://www.w3.org/2001/XMLSchema-instance"
    xsi:schemaLocation="http://www.loc.gov/MARC21/slim http://www.loc.gov/standards/marcxml/schema/MARC21slim.xsd"
    xmlns="http://www.loc.gov/MARC21/slim">

  <leader>01585nam a2200229 u 4500</leader>
  <controlfield tag="001">71932</controlfield>
  <controlfield tag="005">20260504072348.0</controlfield>
  <controlfield tag="008">960313s1971                        eng  </controlfield>
  <datafield tag="020" ind1=" " ind2=" ">
    <subfield code="a">9780201058277</subfield>
  </datafield>
  <datafield tag="035" ind1=" " ind2=" ">
    <subfield code="a">71932</subfield>
  </datafield>
  <datafield tag="035" ind1=" " ind2=" ">
    <subfield code="a">(OCoLC)778201912</subfield>
  </datafield>
  <datafield tag="040" ind1=" " ind2=" ">
    <subfield code="c">comduadb</subfield>
  </datafield>
  <datafield tag="041" ind1=" " ind2=" ">
    <subfield code="a">eng</subfield>
  </datafield>
  <datafield tag="082" ind1=" " ind2="4">
    <subfield code="a">511</subfield>
  </datafield>
  <datafield tag="100" ind1="1" ind2="0">
    <subfield code="a">Pinter, Charles C.</subfield>
    <subfield code="4">aut</subfield>
    <subfield code="e">aut</subfield>
    <subfield code="9">482565</subfield>
  </datafield>
  <datafield tag="245" ind1="1" ind2="0">
    <subfield code="a">Set theory</subfield>
  </datafield>
  <datafield tag="260" ind1=" " ind2=" ">
    <subfield code="a">Reading, MASS. :</subfield>
    <subfield code="b">Addison Wesley,</subfield>
    <subfield code="c">1971.</subfield>
  </datafield>
  <datafield tag="300" ind1=" " ind2=" ">
    <subfield code="a">viii, 216 p&#xE1;ginas</subfield>
  </datafield>
  <datafield tag="520" ind1="3" ind2=" ">
    <subfield code="a">RESUMEN : "Adecuado para estudiantes universitarios de nivel superior, este enfoque accesible de la teor&#xED;a de conjuntos plantea argumentos rigurosos pero simples. Cada definici&#xF3;n va acompa&#xF1;ada de comentarios que motivan y explican nuevos conceptos. A partir de una repetici&#xF3;n de los argumentos familiares de la teor&#xED;a de conjuntos elemental, el nivel de pensamiento abstracto aumenta gradualmente para un aumento progresivo de la complejidad. Una introducci&#xF3;n hist&#xF3;rica presenta una breve descripci&#xF3;n del crecimiento de la teor&#xED;a de conjuntos, con especial &#xE9;nfasis en los problemas que llevaron al desarrollo de los diversos sistemas de teor&#xED;a de conjuntos axiom&#xE1;ticos. Los cap&#xED;tulos siguientes exploran clases y conjuntos, funciones, relaciones, clases parcialmente ordenadas y el axioma de elecci&#xF3;n. Otros temas incluyen n&#xFA;meros naturales y cardinales, conjuntos finitos e infinitos, aritm&#xE9;tica de n&#xFA;meros ordinales, recursividad transfinita y temas seleccionados en la teor&#xED;a de ordinales y cardinales."</subfield>
  </datafield>
  <datafield tag="650" ind1=" " ind2=" ">
    <subfield code="a">Teor&#xED;a de conjuntos</subfield>
    <subfield code="9">817</subfield>
  </datafield>
  <datafield tag="942" ind1=" " ind2=" ">
    <subfield code="c">BOOK</subfield>
  </datafield>
  <datafield tag="999" ind1=" " ind2=" ">
    <subfield code="c">35354</subfield>
    <subfield code="d">35354</subfield>
  </datafield>
  <datafield tag="952" ind1=" " ind2=" ">
    <subfield code="0">0</subfield>
    <subfield code="1">0</subfield>
    <subfield code="4">0</subfield>
    <subfield code="7">0</subfield>
    <subfield code="8">GEN</subfield>
    <subfield code="a">BC</subfield>
    <subfield code="b">BC</subfield>
    <subfield code="d">1997-06-25</subfield>
    <subfield code="i">C115572</subfield>
    <subfield code="l">2</subfield>
    <subfield code="o">511.322 P659s</subfield>
    <subfield code="p">61000000928560</subfield>
    <subfield code="r">2026-03-20 13:25:33</subfield>
    <subfield code="s">2024-11-29</subfield>
    <subfield code="t">1</subfield>
    <subfield code="w">2023-04-20</subfield>
    <subfield code="y">BOOK</subfield>
  </datafield>
  <datafield tag="952" ind1=" " ind2=" ">
    <subfield code="0">0</subfield>
    <subfield code="1">0</subfield>
    <subfield code="4">0</subfield>
    <subfield code="7">0</subfield>
    <subfield code="8">GEN</subfield>
    <subfield code="a">BC</subfield>
    <subfield code="b">BC</subfield>
    <subfield code="d">2001-09-04</subfield>
    <subfield code="i">C699834</subfield>
    <subfield code="l">0</subfield>
    <subfield code="o">511.322 P659s e2</subfield>
    <subfield code="p">61000002012876</subfield>
    <subfield code="r">2025-02-24 12:04:37</subfield>
    <subfield code="t">2</subfield>
    <subfield code="w">2023-04-20</subfield>
    <subfield code="y">BOOKI</subfield>
  </datafield>
</record>
